[Event "GBR-ch 108th"]
[Site "Torquay"]
[Date "2022.08.15"]
[Round "3.20"]
[White "Ashworth, Michael"]
[Black "Dishman, Stephen"]
[Result "1/2-1/2"]
[WhiteElo "2039"]
[BlackElo "2248"]
[PlyCount "206"]
[EventDate "2022.08.13"]
[EventType "swiss"]
[EventRounds "9"]
[EventCountry "GBR"]
[SourceTitle "BritBase"]
[Source "John Saunders"]
[SourceDate "2022.08.22"]
[SourceVersion "1"]
[SourceVersionDate "2022.08.22"]
[SourceQuality "2"]

1. d4 d5 2. c4 c6 3. Nf3 Nf6 4. Nc3 dxc4 5. a4 Bf5 6. e3 e6 7. Bxc4 Bb4 8. O-O
Nbd7 9. Qe2 O-O 10. e4 Bg6 11. Bd3 Bh5 12. e5 Nd5 13. Nxd5 cxd5 14. Qe3 Re8 15.
Ng5 Bg6 16. Bxg6 fxg6 17. Qh3 Nf8 18. Qd3 Rc8 19. Be3 a6 20. Rfc1 Qd7 21. b3
Rxc1+ 22. Rxc1 Rc8 23. Qd1 Rc6 24. Rxc6 Qxc6 25. Qc1 h6 26. Nh3 Qxc1+ 27. Bxc1
g5 28. f3 Ng6 29. Kf2 Ne7 30. Bb2 Nc6 31. Ke2 Na5 32. f4 gxf4 33. Nxf4 Kf7 34.
Nd3 Be7 35. Nc1 Bg5 36. Bc3 Bxc1 37. Bxa5 Kg6 38. Be1 Kf5 39. Kf3 h5 40. h3 Bb2
41. Bf2 Bc3 42. Be3 Be1 43. Bc1 Bh4 44. Be3 Bg5 45. Bf2 Kg6 46. Be1 Kf7 47. Bb4
Bc1 48. Bc3 Ke8 49. Ke2 Kd7 50. Kd3 Kc6 51. Kc2 Be3 52. Kd3 Bg5 53. Kc2 Be7 54.
Kd3 Bh4 55. Kc2 Bg3 56. Bd2 Kd7 57. Kd3 Bf2 58. Bc3 Kc6 59. Ke2 Bh4 60. Kd3 Bg5
61. Kc2 Be7 62. Kd3 b5 63. Kc2 Bd8 64. Kd3 Be7 65. Kc2 Kd7 66. Kd3 Ke8 67. Ke2
Kf7 68. Kf3 Kg6 69. Bd2 Kf5 70. Be3 bxa4 71. bxa4 Bd8 72. Bd2 Bc7 73. Bc3 Bb8
74. Bb2 Bc7 75. Bc3 Bb6 76. Bb2 Ba5 77. Bc1 Bc3 78. Be3 Kg6 79. Ke2 Kf7 80. Kf3
Ke8 81. Ke2 Kd7 82. Kd3 Bb4 83. Bf2 Kc6 84. Kc2 Kb6 85. Be3 Ka5 86. Kb3 Be1 87.
Bg5 Kb6 88. Be3 Bh4 89. Kc2 Bg3 90. Kb3 Kc6 91. Kc2 Bh4 92. Kd3 Kd7 93. Ke2 Ke8
94. Kf3 Kf7 95. Ke2 Kg6 96. Kf3 Kf5 97. Bd2 Be7 98. Be3 Bb4 99. Bc1 Bc3 100.
Be3 Bb2 101. Bf2 Bc1 102. Be1 Bb2 103. Bf2 Bc3 1/2-1/2

[Event "GBR-ch 108th"]
[Site "Torquay"]
[Date "2022.08.15"]
[Round "3.21"]
[White "Turner, Max N"]
[Black "Mulay, Partha"]
[Result "1-0"]
[WhiteElo "2247"]
[BlackElo "1822"]
[PlyCount "96"]
[EventDate "2022.08.13"]
[EventType "swiss"]
[EventRounds "9"]
[EventCountry "GBR"]
[SourceTitle "BritBase"]
[Source "John Saunders"]
[SourceDate "2022.08.22"]
[SourceVersion "1"]
[SourceVersionDate "2022.08.22"]
[SourceQuality "2"]

1. d4 Nf6 2. c4 g6 3. g3 Bg7 4. Bg2 O-O 5. Nc3 d6 6. Nf3 Nc6 7. O-O e5 8. dxe5
dxe5 9. Bg5 Be6 10. Qa4 Qc8 11. Rfd1 Nd7 12. Nd5 e4 13. Nd2 f5 14. Qxc6 bxc6
15. Ne7+ Kf7 16. Nxc8 Raxc8 17. Rab1 h6 18. Be3 a5 19. f3 exf3 20. Nxf3 Rfd8
21. b3 c5 22. Ne1 a4 23. Nd3 axb3 24. axb3 Bd4 25. Bxd4 cxd4 26. c5 Kf6 27. b4
Bc4 28. Rbc1 Bxd3 29. Rxd3 Ne5 30. Ra3 d3 31. Ra6+ Kg7 32. exd3 Nxd3 33. Rb1
Rd4 34. b5 Nxc5 35. Rc6 Nd7 36. Rbc1 Ne5 37. Re6 Nd3 38. Rcc6 g5 39. b6 Rd7 40.
Rg6+ Kf7 41. Rxh6 Kg7 42. b7 Re8 43. Rce6 Rb8 44. Reg6+ Kf7 45. Rxg5 Rd6 46.
Rxf5+ Ke7 47. Rh7+ Ke6 48. Bh3 Ne5 1-0

[Event "GBR-ch 108th"]
[Site "Torquay"]
[Date "2022.08.15"]
[Round "3.22"]
[White "Bradbury, Neil H"]
[Black "Ethelontis, Alexandros N"]
[Result "1/2-1/2"]
[WhiteElo "2211"]
[BlackElo "2055"]
[PlyCount "127"]
[EventDate "2022.08.13"]
[EventType "swiss"]
[EventRounds "9"]
[EventCountry "GBR"]
[SourceTitle "BritBase"]
[Source "John Saunders"]
[SourceDate "2022.08.22"]
[SourceVersion "1"]
[SourceVersionDate "2022.08.22"]
[SourceQuality "2"]

1. d4 Nf6 2. Nf3 c5 3. d5 b5 4. c4 b4 5. Nbd2 g6 6. e4 d6 7. h3 Bg7 8. Bd3 a5
9. O-O O-O 10. Re1 e5 11. dxe6 Bxe6 12. Nf1 Nc6 13. Ne3 a4 14. Rb1 Qb6 15. Nd5
Bxd5 16. cxd5 Na5 17. Be3 b3 18. a3 Rfe8 19. Nd2 Nd7 20. Kh1 Qb7 21. Qe2 Rab8
22. Ba6 Qb6 23. Qf1 Nf6 24. Bd3 Nd7 25. f4 Qb7 26. Qf3 Rbc8 27. Qf1 Rb8 28. Bg1
Nb6 29. Bb5 Red8 30. Ba6 Qc7 31. Bd3 Qd7 32. Rec1 Rdc8 33. Bb5 Qd8 34. Nf3 c4
35. Ba6 Rc7 36. Nd4 c3 37. Rxc3 Rxc3 38. bxc3 Qc7 39. Bd3 Qxc3 40. Nb5 Qf6 41.
Bd4 Qd8 42. Bxg7 Kxg7 43. Qe1 Nb7 44. Qc3+ Kg8 45. Na7 Ra8 46. Nc6 Qh4 47. Rf1
Nc5 48. Bb1 Re8 49. Qf3 Nc4 50. Qc3 Nxa3 51. Bd3 Nxe4 52. Bxe4 Rxe4 53. f5 Nc2
54. f6 Re8 55. Ne7+ Kf8 56. Qc6 Qb4 57. Qd7 b2 58. Kh2 a3 59. Ng8 Ne3 60. Nh6
Nxf1+ 61. Kh1 Ng3+ 62. Kh2 Nf1+ 63. Kh1 Ng3+ 64. Kh2 1/2-1/2

[Event "GBR-ch 108th"]
[Site "Torquay"]
[Date "2022.08.15"]
[Round "3.23"]
[White "Okhai, Shabir"]
[Black "Storey, Charles H"]
[Result "0-1"]
[WhiteElo "2137"]
[BlackElo "2167"]
[PlyCount "136"]
[EventDate "2022.08.13"]
[EventType "swiss"]
[EventRounds "9"]
[EventCountry "GBR"]
[SourceTitle "BritBase"]
[Source "John Saunders"]
[SourceDate "2022.08.22"]
[SourceVersion "1"]
[SourceVersionDate "2022.08.22"]
[SourceQuality "2"]

1. e4 e5 2. Nf3 Nc6 3. Bc4 Bc5 4. c3 Nf6 5. d3 d6 6. O-O O-O 7. Re1 Bb6 8. Nbd2
a6 9. a4 Ne7 10. Nf1 Ng6 11. a5 Ba7 12. h3 c6 13. Bb3 Bb8 14. Bc2 Bc7 15. b4 d5
16. Ng3 Re8 17. Be3 Be6 18. d4 Qb8 19. Bg5 Nxe4 20. Bxe4 dxe4 21. Nxe4 h6 22.
Bc1 f5 23. Nc5 e4 24. Nxe6 Rxe6 25. Qb3 Qe8 26. d5 cxd5 27. Qxd5 Qc6 28. Qb3
Be5 29. Nd4 Bxd4 30. cxd4 Rd8 31. Bb2 Qd5 32. Qxd5 Rxd5 33. Rac1 Nf4 34. Rc8+
Kh7 35. Rc7 Nd3 36. Re2 Rg6 37. Rxb7 Nf4 38. Rc2 Rxg2+ 39. Kf1 Rh2 40. Kg1 Rg2+
41. Kf1 e3 42. Re7 Rh2 43. Kg1 exf2+ 44. Rxf2 Rxf2 45. Kxf2 Nd3+ 46. Ke3 Nxb2
47. Re6 Nc4+ 48. Kd3 Rd6 49. d5 Rxe6 50. dxe6 Nd6 51. Kd4 Kg6 52. Kc5 Ne4+ 53.
Kc6 f4 54. b5 axb5 55. a6 f3 56. a7 f2 57. e7 Nf6 58. a8=Q f1=Q 59. e8=Q+ Nxe8
60. Qxe8+ Qf7 61. Qe3 Qf5 62. Kb6 Kh7 63. Ka5 Qb1 64. h4 b4 65. h5 b3 66. Ka4
Qc2 67. Kb4 b2 68. Ka3 b1=N+ 0-1

[Event "GBR-ch 108th"]
[Site "Torquay"]
[Date "2022.08.15"]
[Round "3.24"]
[White "Brewer, Callum D"]
[Black "Salmons, Calum"]
[Result "1-0"]
[WhiteElo "2159"]
[BlackElo "1944"]
[PlyCount "85"]
[EventDate "2022.08.13"]
[EventType "swiss"]
[EventRounds "9"]
[EventCountry "GBR"]
[SourceTitle "BritBase"]
[Source "John Saunders"]
[SourceDate "2022.08.22"]
[SourceVersion "1"]
[SourceVersionDate "2022.08.22"]
[SourceQuality "2"]

1. c4 e5 2. Nc3 Nc6 3. Nf3 f5 4. d4 e4 5. d5 exf3 6. dxc6 fxg2 7. cxd7+ Qxd7 8.
Qxd7+ Bxd7 9. Bxg2 O-O-O 10. b3 Bb4 11. Bb2 Ne7 12. O-O-O Bxc3 13. Bxc3 Bc6 14.
Bxc6 Nxc6 15. Bxg7 Rxd1+ 16. Kxd1 Rd8+ 17. Ke1 Nb4 18. e3 Nxa2 19. Ke2 Nb4 20.
Bc3 Na6 21. b4 Rg8 22. h3 c5 23. b5 Nc7 24. Ra1 a6 25. bxa6 bxa6 26. Ra5 Kb7
27. Rxc5 Rf8 28. Ba5 Ne6 29. Re5 Re8 30. f4 Kc6 31. Kf3 Ng5+ 32. Kg3 Rxe5 33.
fxe5 Ne6 34. Bb4 a5 35. Bxa5 Kc5 36. Kf3 Kxc4 37. e4 fxe4+ 38. Kxe4 Kc5 39. Kf5
Kd5 40. h4 Nd4+ 41. Kf6 Nf3 42. e6 Kc6 43. Bc3 1-0

[Event "GBR-ch 108th"]
[Site "Torquay"]
[Date "2022.08.15"]
[Round "3.25"]
[White "Jackson, Sheila"]
[Black "Payne, Matthew J"]
[Result "0-1"]
[WhiteElo "2070"]
[BlackElo "2155"]
[PlyCount "90"]
[EventDate "2022.08.13"]
[EventType "swiss"]
[EventRounds "9"]
[EventCountry "GBR"]
[SourceTitle "BritBase"]
[Source "John Saunders"]
[SourceDate "2022.08.22"]
[SourceVersion "1"]
[SourceVersionDate "2022.08.22"]
[SourceQuality "2"]

1. e4 e6 2. d4 d5 3. Nd2 Nf6 4. e5 Nfd7 5. Bd3 c5 6. c3 Nc6 7. Ne2 cxd4 8. cxd4
f6 9. exf6 Nxf6 10. Nf3 Bd6 11. O-O Qc7 12. Nc3 a6 13. Bg5 O-O 14. Bh4 Nh5 15.
Bg3 Nxg3 16. hxg3 g6 17. Rc1 Qg7 18. Be2 g5 19. Na4 g4 20. Ne1 Qxd4 21. Qxd4
Nxd4 22. Bxg4 e5 23. Bd1 Be6 24. Nb6 Rad8 25. Nd3 e4 26. Nc5 Bxc5 27. Rxc5 Rd6
28. Na4 Nc6 29. a3 Ne5 30. Rc7 b6 31. Be2 d4 32. b4 Bb3 33. Nb2 b5 34. Re7 Re6
35. Rxe6 Bxe6 36. Rc1 d3 37. Bd1 Nc4 38. Bb3 d2 39. Rb1 Rd8 40. Nd1 Kf7 41. Ra1
Rd3 42. Bc2 Rxa3 43. Rxa3 Nxa3 44. Bxe4 Bb3 45. Bf3 Nb1 0-1

[Event "GBR-ch 108th"]
[Site "Torquay"]
[Date "2022.08.15"]
[Round "3.26"]
[White "Walker, Martin G"]
[Black "Wells, Peter K"]
[Result "0-1"]
[WhiteElo "2135"]
[BlackElo "2396"]
[PlyCount "80"]
[EventDate "2022.08.13"]
[EventType "swiss"]
[EventRounds "9"]
[EventCountry "GBR"]
[SourceTitle "BritBase"]
[Source "John Saunders"]
[SourceDate "2022.08.22"]
[SourceVersion "1"]
[SourceVersionDate "2022.08.22"]
[SourceQuality "2"]

1. e4 c5 2. Nf3 Nc6 3. d4 cxd4 4. Nxd4 Nf6 5. Nc3 d6 6. Be2 g6 7. Be3 Bg7 8. f3
O-O 9. Qd2 d5 10. exd5 Nxd5 11. Nxc6 bxc6 12. Nxd5 cxd5 13. c3 Qc7 14. O-O Rd8
15. Rfd1 Rb8 16. Rac1 e5 17. b4 Be6 18. a4 a5 19. b5 Bf8 20. b6 Qc6 21. Bb5 Qc8
22. c4 Bb4 23. Qf2 d4 24. Bg5 Bc5 25. Bxd8 Qxd8 26. Qd2 Qxb6 27. Kh1 Rd8 28.
Qe2 Qd6 29. Rd3 h5 30. Re1 Bf5 31. Rdd1 d3 32. Qxe5 d2 33. Re4 Qxe5 34. Rxe5
Bc2 35. Ree1 dxe1=Q+ 36. Rxe1 Rd1 37. Rxd1 Bxd1 38. h3 h4 39. Kh2 Bf2 40. Bc6
Kf8 0-1

[Event "GBR-ch 108th"]
[Site "Torquay"]
[Date "2022.08.15"]
[Round "3.27"]
[White "Forster, Matthew"]
[Black "Stoyanov, Viktor"]
[Result "0-1"]
[WhiteElo "2058"]
[BlackElo "2246"]
[PlyCount "66"]
[EventDate "2022.08.13"]
[EventType "swiss"]
[EventRounds "9"]
[EventCountry "GBR"]
[SourceTitle "BritBase"]
[Source "John Saunders"]
[SourceDate "2022.08.22"]
[SourceVersion "1"]
[SourceVersionDate "2022.08.22"]
[SourceQuality "2"]

1. c4 e5 2. g3 c6 3. d4 e4 4. Nc3 d5 5. Bg2 Bb4 6. e3 Nf6 7. cxd5 cxd5 8. Bd2
Nc6 9. f3 O-O 10. Nge2 exf3 11. Bxf3 Re8 12. O-O Bh3 13. Re1 Bg4 14. Bg2 Bxc3
15. bxc3 Qd7 16. Qc2 Rac8 17. Nf4 Bf5 18. Qb2 Na5 19. Bc1 Nc4 20. Qb3 g5 21.
Nxd5 Nxd5 22. e4 Nf6 23. e5 h6 24. Bxg5 hxg5 25. exf6 Ne3 26. Re2 Nxg2 27. Rxg2
Qe6 28. Rf2 Bg6 29. d5 Qe5 30. Qxb7 Rxc3 31. Rd1 Rd3 32. Rxd3 Bxd3 33. Qxa7
Qxd5 0-1

[Event "GBR-ch 108th"]
[Site "Torquay"]
[Date "2022.08.15"]
[Round "3.28"]
[White "Villiers, Thomas"]
[Black "Lentzos, Ioanis"]
[Result "1-0"]
[WhiteElo "2170"]
[BlackElo "2097"]
[PlyCount "29"]
[EventDate "2022.08.13"]
[EventType "swiss"]
[EventRounds "9"]
[EventCountry "GBR"]
[SourceTitle "BritBase"]
[Source "John Saunders"]
[SourceDate "2022.08.22"]
[SourceVersion "1"]
[SourceVersionDate "2022.08.22"]
[SourceQuality "2"]

1. e4 c6 2. Nf3 d5 3. d3 dxe4 4. Ng5 exd3 5. Bxd3 Nf6 6. Nxf7 Kxf7 7. Bg6+ hxg6
8. Qxd8 e5 9. Nc3 Nbd7 10. O-O a5 11. Bg5 Rg8 12. Rad1 Be7 13. Qc7 Ne8 14. Rxd7
Nxc7 15. Rxe7+ 1-0

[Event "GBR-ch 108th"]
[Site "Torquay"]
[Date "2022.08.15"]
[Round "3.29"]
[White "Birtwistle, Nigel"]
[Black "Waddington, Michael P"]
[Result "1-0"]
[WhiteElo "2151"]
[BlackElo "2066"]
[PlyCount "71"]
[EventDate "2022.08.13"]
[EventType "swiss"]
[EventRounds "9"]
[EventCountry "GBR"]
[SourceTitle "BritBase"]
[Source "John Saunders"]
[SourceDate "2022.08.22"]
[SourceVersion "1"]
[SourceVersionDate "2022.08.22"]
[SourceQuality "2"]

1. e4 c5 2. c3 Nf6 3. e5 Nd5 4. d4 cxd4 5. Nf3 d6 6. cxd4 Nc6 7. Bc4 Nb6 8. Bb3
dxe5 9. d5 Na5 10. Nc3 f6 11. Be3 g6 12. O-O Bg7 13. Bc5 Nxb3 14. Qxb3 Bd7 15.
a4 Rc8 16. Qb4 Rc7 17. d6 exd6 18. Bxd6 Rc6 19. Nb5 Nc8 20. Nfd4 Rxd6 21. Nxd6+
Nxd6 22. Qxd6 Bf8 23. Qd5 exd4 24. Rfe1+ Be7 25. Rad1 Qc7 26. Qxd4 Rf8 27. Re3
Bc6 28. Rde1 Rf7 29. b4 a6 30. a5 Qd7 31. Qf4 Qd8 32. h4 Qd5 33. f3 Kf8 34.
Rxe7 Rxe7 35. Qxf6+ Qf7 36. Qh8+ 1-0

[Event "GBR-ch 108th"]
[Site "Torquay"]
[Date "2022.08.15"]
[Round "3.30"]
[White "Horton, Justin"]
[Black "Modi, Shyam Jagdish"]
[Result "0-1"]
[WhiteElo "2058"]
[BlackElo "2148"]
[PlyCount "114"]
[EventDate "2022.08.13"]
[EventType "swiss"]
[EventRounds "9"]
[EventCountry "GBR"]
[SourceTitle "BritBase"]
[Source "John Saunders"]
[SourceDate "2022.08.22"]
[SourceVersion "1"]
[SourceVersionDate "2022.08.22"]
[SourceQuality "2"]

1. d4 Nf6 2. Nf3 g6 3. c4 Bg7 4. g3 O-O 5. Bg2 d6 6. Nc3 Nbd7 7. O-O e5 8. h3
c6 9. e4 Qa5 10. Re1 exd4 11. Nxd4 Ne5 12. Bf1 Qb6 13. Be3 c5 14. Ndb5 Be6 15.
Qxd6 Nf3+ 16. Kh1 Qxd6 17. Nxd6 Nxe1 18. Rxe1 b6 19. f4 Ne8 20. Ncb5 Nxd6 21.
Nxd6 Bxb2 22. e5 f6 23. exf6 Bc3 24. Bd2 Bxd2 25. Rxe6 Bc3 26. Bg2 Rad8 27. Bd5
Kh8 28. Ne4 Bd4 29. g4 Be3 30. Re7 Bxf4 31. Rxa7 h6 32. Kg2 b5 33. Nxc5 Rxf6
34. Ne6 Re8 35. Nxf4 Rxf4 36. cxb5 Re5 37. Bc6 Rb4 38. Ra3 Re2+ 39. Kg3 Reb2
40. Rd3 Rxa2 41. Rf3 g5 42. Bd7 Kg7 43. Be6 Ra7 44. h4 Rxb5 45. hxg5 hxg5 46.
Bf5 Rba5 47. Re3 Ra3 48. Kf3 Rxe3+ 49. Kxe3 Ra4 50. Kf3 Kf6 51. Ke3 Ke5 52. Kf2
Kf4 53. Kg2 Ra2+ 54. Kh3 Kf3 55. Be6 Ra6 56. Bd5+ Kf4 57. Bf7 Ra3+ 0-1

[Event "GBR-ch 108th"]
[Site "Torquay"]
[Date "2022.08.16"]
[Round "4.1"]
[White "Clarke, Brandon G I"]
[Black "Gormally, Daniel W"]
[Result "1-0"]
[WhiteElo "2474"]
[BlackElo "2466"]
[PlyCount "93"]
[EventDate "2022.08.13"]
[EventType "swiss"]
[EventRounds "9"]
[EventCountry "GBR"]
[SourceTitle "BritBase"]
[Source "John Saunders"]
[SourceDate "2022.08.22"]
[SourceVersion "1"]
[SourceVersionDate "2022.08.22"]
[SourceQuality "2"]

1. e4 c5 2. Nf3 d6 3. Bb5+ Nd7 4. d4 Ngf6 5. O-O cxd4 6. Nxd4 g6 7. Re1 Bg7 8.
Bf1 O-O 9. c4 Ne5 10. Nc3 Nc6 11. Nc2 Nd7 12. Nd5 Nb6 13. Rb1 e6 14. Nf4 e5 15.
Nd5 Nxd5 16. exd5 Nb8 17. b4 Nd7 18. Ba3 a5 19. bxa5 Nc5 20. Bb4 Rxa5 21. Bxa5
Qxa5 22. Na1 Qxa2 23. Nb3 Qa3 24. Nxc5 Qxc5 25. Qd2 Re8 26. Qe3 e4 27. Rb5 Qc7
28. c5 Bd7 29. cxd6 Qxd6 30. Qc5 Qb8 31. Rb3 Bf8 32. Qb6 Qe5 33. Bb5 Qxd5 34.
Bxd7 Qxd7 35. Qxb7 Qf5 36. Qb5 Re5 37. Qb8 Kg7 38. Rf3 Qe6 39. Qb2 f5 40. Rc3
Be7 41. Rd1 h5 42. Rc7 Kh6 43. Rdd7 Bf6 44. h4 Bxh4 45. Qc1+ e3 46. f4 Bf2+ 47.
Kh2 1-0

[Event "GBR-ch 108th"]
[Site "Torquay"]
[Date "2022.08.16"]
[Round "4.2"]
[White "Claridge-Hansen, William"]
[Black "Emms, John M"]
[Result "1/2-1/2"]
[WhiteElo "2345"]
[BlackElo "2474"]
[PlyCount "49"]
[EventDate "2022.08.13"]
[EventType "swiss"]
[EventRounds "9"]
[EventCountry "GBR"]
[SourceTitle "BritBase"]
[Source "John Saunders"]
[SourceDate "2022.08.22"]
[SourceVersion "1"]
[SourceVersionDate "2022.08.22"]
[SourceQuality "2"]

1. c4 Nf6 2. g3 g6 3. Bg2 Bg7 4. Nc3 O-O 5. d4 d6 6. Nf3 Nc6 7. O-O e5 8. dxe5
dxe5 9. Bg5 Be6 10. Qc1 Qc8 11. Rd1 Rd8 12. Rxd8+ Qxd8 13. Ne4 Bf5 14. Nxf6+
Bxf6 15. Bxf6 Qxf6 16. Qc3 Rd8 17. b4 Kg7 18. b5 e4 19. Qxf6+ Kxf6 20. bxc6
exf3 21. Bxf3 bxc6 22. Bxc6 Be6 23. Bd5 Bxd5 24. cxd5 Rxd5 25. Rc1 1/2-1/2

[Event "GBR-ch 108th"]
[Site "Torquay"]
[Date "2022.08.16"]
[Round "4.3"]
[White "Kirk, Ezra"]
[Black "Derakhshani, Borna"]
[Result "1-0"]
[WhiteElo "2442"]
[BlackElo "2374"]
[PlyCount "63"]
[EventDate "2022.08.13"]
[EventType "swiss"]
[EventRounds "9"]
[EventCountry "GBR"]
[SourceTitle "BritBase"]
[Source "John Saunders"]
[SourceDate "2022.08.22"]
[SourceVersion "1"]
[SourceVersionDate "2022.08.22"]
[SourceQuality "2"]

1. e4 c6 2. d4 d5 3. e5 Bf5 4. c4 e6 5. Nc3 Ne7 6. Nge2 dxc4 7. Ng3 Nd7 8. Bxc4
Nb6 9. Be2 Bg6 10. O-O Nbd5 11. a3 Nf5 12. Nxf5 Bxf5 13. g4 Bg6 14. f4 f5 15.
Nxd5 Qxd5 16. Be3 fxg4 17. Bxg4 Be7 18. f5 Qe4 19. Qe2 exf5 20. Bf3 Qh4 21. d5
f4 22. dxc6 O-O 23. cxb7 Rad8 24. Bxa7 Bd3 25. b8=Q Rxb8 26. Qxd3 Rxb2 27. Bf2
Qg5+ 28. Kh1 Qxe5 29. Bd4 Qb5 30. Qxb5 Rxb5 31. a4 Rb4 32. Bc3 1-0

[Event "GBR-ch 108th"]
[Site "Torquay"]
[Date "2022.08.16"]
[Round "4.4"]
[White "Grieve, Harry"]
[Black "Davies, Nigel R"]
[Result "1-0"]
[WhiteElo "2390"]
[BlackElo "2425"]
[PlyCount "85"]
[EventDate "2022.08.13"]
[EventType "swiss"]
[EventRounds "9"]
[EventCountry "GBR"]
[SourceTitle "BritBase"]
[Source "John Saunders"]
[SourceDate "2022.08.22"]
[SourceVersion "1"]
[SourceVersionDate "2022.08.22"]
[SourceQuality "2"]

1. e4 c5 2. Nf3 e6 3. d4 cxd4 4. Nxd4 a6 5. Nc3 Nc6 6. Be3 Nge7 7. Nb3 d5 8.
exd5 Nxd5 9. Nxd5 Qxd5 10. Qxd5 exd5 11. O-O-O Be6 12. Bb6 Be7 13. Be2 Ne5 14.
Rhe1 Nd7 15. Ba5 Nf6 16. Nd4 Bc5 17. Bf3 Bxd4 18. Rxd4 O-O 19. b3 Rac8 20. Kb2
Rfe8 21. g4 h6 22. h3 Bd7 23. Red1 Bc6 24. a4 Ne4 25. Be1 Ng5 26. Bg2 Ne6 27.
Rb4 d4 28. Bxc6 Rxc6 29. Rxb7 d3 30. Rxd3 Nf4 31. Re3 Rxe3 32. fxe3 Nxh3 33. b4
Ng5 34. b5 axb5 35. axb5 Re6 36. b6 Ne4 37. Bb4 g5 38. Re7 Rxb6 39. Rxe4 f5 40.
gxf5 h5 41. Kc3 g4 42. Re6 Rb7 43. Rh6 1-0

[Event "GBR-ch 108th"]
[Site "Torquay"]
[Date "2022.08.16"]
[Round "4.5"]
[White "Domenech, Vianney"]
[Black "Pert, Richard G"]
[Result "0-1"]
[WhiteElo "2258"]
[BlackElo "2411"]
[PlyCount "56"]
[EventDate "2022.08.13"]
[EventType "swiss"]
[EventRounds "9"]
[EventCountry "GBR"]
[SourceTitle "BritBase"]
[Source "John Saunders"]
[SourceDate "2022.08.22"]
[SourceVersion "1"]
[SourceVersionDate "2022.08.22"]
[SourceQuality "2"]

1. d4 d5 2. Bf4 Nf6 3. Nf3 c5 4. e3 Nc6 5. Nbd2 Nh5 6. Be5 f6 7. c4 e6 8. Bg3
g6 9. Be2 Bd7 10. Rc1 dxc4 11. Nxc4 cxd4 12. exd4 Bb4+ 13. Kf1 O-O 14. d5 exd5
15. Qxd5+ Kh8 16. Nh4 Ng7 17. Rd1 Be6 18. Qe4 Qe8 19. a3 Be7 20. Nd6 Bxd6 21.
Bxd6 Rf7 22. Re1 Rd8 23. Bc5 Bd5 24. Nxg6+ hxg6 25. Qh4+ Kg8 26. Bd3 Ne5 27. f4
Qc6 28. Rxe5 Bxg2+ 0-1

[Event "GBR-ch 108th"]
[Site "Torquay"]
[Date "2022.08.16"]
[Round "4.6"]
[White "Arkell, Keith C"]
[Black "Price, Gwilym"]
[Result "1-0"]
[WhiteElo "2409"]
[BlackElo "2129"]
[PlyCount "77"]
[EventDate "2022.08.13"]
[EventType "swiss"]
[EventRounds "9"]
[EventCountry "GBR"]
[SourceTitle "BritBase"]
[Source "John Saunders"]
[SourceDate "2022.08.22"]
[SourceVersion "1"]
[SourceVersionDate "2022.08.22"]
[SourceQuality "2"]

1. d4 Nf6 2. Nf3 g6 3. c4 Bg7 4. g3 O-O 5. Bg2 d6 6. O-O Nbd7 7. d5 e5 8. dxe6
fxe6 9. Nc3 Nb6 10. Qd3 d5 11. cxd5 exd5 12. Bg5 Bf5 13. Qd2 Qd7 14. Rad1 Ne4
15. Nxe4 Bxe4 16. b3 c5 17. Bh6 Rfe8 18. Bxg7 Qxg7 19. Qa5 Nd7 20. Qc7 b6 21.
Rd2 a5 22. Bh3 Bxf3 23. exf3 Ne5 24. Qxg7+ Kxg7 25. Bg2 Rad8 26. f4 Nc6 27.
Rxd5 Rxd5 28. Bxd5 Nb4 29. Bc4 Nxa2 30. Rd1 Rb8 31. Rd7+ Kh8 32. Be6 Nc3 33.
Kg2 b5 34. f5 gxf5 35. Bxf5 a4 36. bxa4 Nxa4 37. Rxh7+ Kg8 38. Ra7 Nb2 39. g4
1-0

[Event "GBR-ch 108th"]
[Site "Torquay"]
[Date "2022.08.16"]
[Round "4.7"]
[White "Eames, Robert S"]
[Black "Pert, Nicholas"]
[Result "0-1"]
[WhiteElo "2112"]
[BlackElo "2537"]
[PlyCount "62"]
[EventDate "2022.08.13"]
[EventType "swiss"]
[EventRounds "9"]
[EventCountry "GBR"]
[SourceTitle "BritBase"]
[Source "John Saunders"]
[SourceDate "2022.08.22"]
[SourceVersion "1"]
[SourceVersionDate "2022.08.22"]
[SourceQuality "2"]

1. e4 c5 2. Nc3 Nc6 3. Bb5 Nd4 4. Nf3 a6 5. Bd3 g6 6. Rb1 Nc6 7. O-O Bg7 8. Re1
d6 9. h3 e6 10. a3 Nf6 11. b4 O-O 12. bxc5 dxc5 13. Na4 c4 14. Bf1 b5 15. Nc3
Rb8 16. d3 Qa5 17. Bd2 cxd3 18. Bxd3 Qxa3 19. Rb3 Qe7 20. e5 Nd5 21. Bg5 Qc7
22. Nxd5 exd5 23. Rc3 Qb6 24. Qd2 d4 25. Rxc6 Qxc6 26. Nxd4 Qb6 27. Be4 Bb7 28.
Bxb7 Rxb7 29. Qf4 f6 30. exf6 Bxf6 31. Nf3 Bc3 0-1

[Event "GBR-ch 108th"]
[Site "Torquay"]
[Date "2022.08.16"]
[Round "4.8"]
[White "Wadsworth, Matthew J"]
[Black "Lan Yao"]
[Result "1-0"]
[WhiteElo "2418"]
[BlackElo "2274"]
[PlyCount "65"]
[EventDate "2022.08.13"]
[EventType "swiss"]
[EventRounds "9"]
[EventCountry "GBR"]
[SourceTitle "BritBase"]
[Source "John Saunders"]
[SourceDate "2022.08.22"]
[SourceVersion "1"]
[SourceVersionDate "2022.08.22"]
[SourceQuality "2"]

1. Nf3 Nf6 2. g3 e6 3. Bg2 d5 4. O-O Be7 5. d3 c5 6. Nbd2 Nc6 7. e4 b6 8. Re1
Bb7 9. e5 Nd7 10. c4 d4 11. Nf1 Qc7 12. Bf4 h6 13. g4 g5 14. Bg3 Bf8 15. a3 a5
16. h3 Bg7 17. Qe2 Ne7 18. N1d2 Ng6 19. Ne4 O-O 20. h4 gxh4 21. Bh2 Ndxe5 22.
Nxe5 Nxe5 23. g5 hxg5 24. Nxg5 Bxg2 25. Qh5 Rfe8 26. Bxe5 Bxe5 27. Qh7+ Kf8 28.
Rxe5 Ra7 29. Rae1 Qc6 30. Rf5 Ke7 31. Rxf7+ Kd8 32. Rxa7 Bh1 33. f3 1-0

[Event "GBR-ch 108th"]
[Site "Torquay"]
[Date "2022.08.16"]
[Round "4.9"]
[White "Lane, Gary W"]
[Black "Ward, Christopher"]
[Result "1-0"]
[WhiteElo "2328"]
[BlackElo "2402"]
[PlyCount "83"]
[EventDate "2022.08.13"]
[EventType "swiss"]
[EventRounds "9"]
[EventCountry "GBR"]
[SourceTitle "BritBase"]
[Source "John Saunders"]
[SourceDate "2022.08.22"]
[SourceVersion "1"]
[SourceVersionDate "2022.08.22"]
[SourceQuality "2"]

1. e4 c5 2. Nf3 d6 3. d4 cxd4 4. Nxd4 Nf6 5. Nc3 g6 6. Bc4 Bg7 7. O-O O-O 8.
Re1 Nc6 9. Bb3 Bd7 10. Nf3 Bg4 11. h3 Bxf3 12. Qxf3 a6 13. Be3 Rc8 14. Rad1 b5
15. Qe2 Qc7 16. Nd5 Nxd5 17. exd5 Na5 18. c3 b4 19. c4 Nb7 20. Bd4 Bxd4 21.
Rxd4 Nc5 22. Qxe7 Rfe8 23. Qxe8+ Rxe8 24. Rxe8+ Kg7 25. Re3 Qd8 26. Rf4 f5 27.
Rd4 Qf6 28. Rd2 f4 29. Re1 a5 30. Bd1 a4 31. Bf3 a3 32. bxa3 Qc3 33. Re7+ Kf6
34. Rde2 bxa3 35. Rxh7 Qxc4 36. h4 Qc1+ 37. Kh2 g5 38. Rh6+ Kf5 39. Rh5 Kf6 40.
Rxg5 Nd3 41. Re6+ Kf7 42. Bh5+ 1-0